00341nam a2200085 4500008004100000040005500041245007400096250002000170260006500190240801b |||||||| |||| 00| 0 eng d aNational Science LibrarycNational Science Library aCommodity indexes for the standard international trade classification aIndexed edition aNew York: bStatistical Office of The United Nations, c1953